书目信息 |
| 题名: |
郭店楚墓竹简思想研究
|
|
| 作者: | 丁四新 著 | |
| 分册: | ||
| 出版信息: | 北京 东方出版社 2000 |
|
| 页数: | 432页 | |
| 开本: | 20cm | |
| 丛书名: | ||
| 单 册: | ||
| 中图分类: | K877.54 | |
| 科图分类: | ||
| 主题词: | 竹简文--研究--楚国(? ~前223) | |
| 电子资源: | ||
| ISBN: | 7-5060-1356-8 | |
| 000 | 01533nam0 2200313 450 | |
| 000 | 01496nam0 2200301 450 | |
| 000 | 01465nam0 2200301 450 | |
| 000 | 01411nam0 2200277 450 | |
| 000 | 01407nam0 2200265 450 | |
| 000 | 01370nam0 2200253 45 | |
| 005 | 20061221092746.82 | |
| 010 | @a7-5060-1356-8@dCNY25.00 | |
| 100 | @a20060829d2000 ekmy0chiy0120 ea | |
| 101 | 0 | @achi |
| 102 | @aCN@b110000 | |
| 105 | @ay a 000yy | |
| 200 | 1 | @a郭店楚墓竹简思想研究@AGuo Dian Chu Mu Zhu Jian Si Xiang Yan Jiu@f丁四新著@FDing Si Xin Zhu |
| 210 | @a北京@c东方出版社@d2000 | |
| 215 | @a432页@d20cm | |
| 320 | @a有书目(第410~424页) | |
| 330 | @a本书采用心理与考据相结合的方法,对《郭店楚墓竹简》中的重要篇目进行了深入研究,对其全部内容进行了整体勾勒和通论。作者认为,从思想上来说,郭店简书尤其是儒家简书的部分,其理论内核乃集中在心性论上,其思想的深刻、复杂与系统,足以反映孔孟之间中国儒家思想的一般面貌,而且对于中国心性论思想的确认与肯定,对于中国哲学思想主题变迁的重新理解与把握,具有重大的历史意义。而其中的道家文献,更足以反映庄子以前的道家思想形态,以及孟、庄、苟以前的儒、道关系。这对于重新估审中国先秦学术史、思想史、哲学史具有不同寻常的意义。 | |
| 333 | @a读者对象:思想史、哲学史、学术史界研究人员,大学师生。 | |
| 606 | 0 | @a竹简文@x研究@x楚国(? ~前223) |
| 690 | @aK877.54@v4 | |
| 701 | 0 | @a丁四新@ADing Si Xin@4著 |
| 801 | 0 | @aCN@b中图数据@c20061221 |
| 905 | @a10447@dK877.54@e216 | |
| 郭店楚墓竹简思想研究/丁四新著.-北京:东方出版社,2000 |
| 432页;20cm |
| 使用对象:读者对象:思想史、哲学史、学术史界研究人员,大学师生。 |
| ISBN 7-5060-1356-8:CNY25.00 |
| 本书采用心理与考据相结合的方法,对《郭店楚墓竹简》中的重要篇目进行了深入研究,对其全部内容进行了整体勾勒和通论。作者认为,从思想上来说,郭店简书尤其是儒家简书的部分,其理论内核乃集中在心性论上,其思想的深刻、复杂与系统,足以反映孔孟之间中国儒家思想的一般面貌,而且对于中国心性论思想的确认与肯定,对于中国哲学思想主题变迁的重新理解与把握,具有重大的历史意义。而其中的道家文献,更足以反映庄子以前的道家思想形态,以及孟、庄、苟以前的儒、道关系。这对于重新估审中国先秦学术史、思想史、哲学史具有不同寻常的意义。 |
| ● |
| 相关链接 |
|
|
|
|
正题名:郭店楚墓竹简思想研究
索取号:K877.54/216
 
预约/预借
| 序号 | 登录号 | 条形码 | 馆藏地/架位号 | 状态 | 备注 |
| 1 | 0617379 | 206173790 | 第二样本阅览室/ [索取号:K877.54/216] | 在馆 | |
| 2 | 0617380 | 206173807 | 第二借阅区/ [索取号:K877.54/216] | 在馆 | |
| 3 | 0617381 | 206173816 | 第二借阅区/ [索取号:K877.54/216] | 在馆 |